000 002780000a22000970004500
100 1 _aBlois, Kees de
245 1 0 _aEl idioma como un instrumento vivo
300 _aVol.60, núm.277 (Noviembre, diciembre, 2005), Páginas 13-14
773 0 _tLa Biblia de las Américas
942 _cANA
999 _c61620
_d61620